ბათუმის შოთა რუსთაველის სახელმწიფო უნივერსიტეტის ბიბლიოთეკა

ჩანაწერი Personal Name

ჩანაწერთა რაოდენობა, რომელიც გამოყენებულია: 1

001 - CONTROL NUMBER

  • control field: 26258

003 - CONTROL NUMBER IDENTIFIER

  • control field: GE_BSU

005 - DATE AND TIME OF LATEST TRANSACTION

  • control field: 20251117205732.0

008 - FIXED-LENGTH DATA ELEMENTS

  • fixed length control field: 251117|| aca||aabn | a|a d

040 ## - CATALOGING SOURCE

  • Original cataloging agency: GE_BSU
  • Transcribing agency: GE_BSU

100 ## - HEADING--PERSONAL NAME

  • Personal name: თურმანიძე, ოთარ

670 ## - SOURCE DATA FOUND

  • Source citation: Work cat.: (GE_BSU)56178: თურმანიძე, ოთარ, საადგილმამულო ურთიერთობანი სამხრეთ-დასავლეთ საქართველოში ოსმალთა ბატონობის ხანაში (XVI ს.-1878 წ.) /